Cases in Public Policy Analysis (Record no. 6446)

MARC details
005 - DATE AND TIME OF LATEST TRANSACTION
control field 20250630061209.0
020 ## - INTERNATIONAL STANDARD BOOK NUMBER
International Standard Book Number 0-87840-768-5
082 ## - DEWEY DECIMAL CLASSIFICATION NUMBER
Classification number 361.61 GUE
100 ## - MAIN ENTRY--PERSONAL NAME
Author name GUESS, G. M.
245 ## - TITLE STATEMENT
Title Cases in Public Policy Analysis
250 ## - EDITION STATEMENT
Edition statement 2nd Ed.
260 ## - PUBLICATION, DISTRIBUTION, ETC.
Place of publication, distribution, etc. New York,
Name of publisher, distributor, etc. Georgetown University
Date of publication, distribution, etc. 2000.
300 ## - PHYSICAL DESCRIPTION
Extent ix, 367p,: figure
Other physical details Index
Dimensions 23.5cm
700 ## - ADDED ENTRY--PERSONAL NAME
Other authors/Editors FARNHAM, P. G.
942 ## - ADDED ENTRY ELEMENTS (KOHA)
Source of classification or shelving scheme Dewey Decimal Classification
Koha item type Books
Holdings
Date last seen Total checkouts Full call number Barcode Cost, replacement price Price effective from Koha item type Lost status Source of classification or shelving scheme Damaged status Not for loan Withdrawn status Home library Current library Shelving location Date acquired Cost, normal purchase price
06/30/2025   361.61 GUE DOM0003345 90000.00 06/29/2025 Books   Dewey Decimal Classification       CBE Dodoma CBE Dodoma General Collection 06/29/2002 30000.00
06/30/2025   361.61 GUE DOM0003346 90000.00 06/29/2025 Books   Dewey Decimal Classification       CBE Dodoma CBE Dodoma General Collection 06/29/2002 30000.00
06/30/2025   361.61 GUE DOM0003347 90000.00 06/29/2025 Books   Dewey Decimal Classification       CBE Dodoma CBE Dodoma General Collection 06/29/2002 30000.00